00557nam a2200145Ia 4500008004100000024001800041082001800059100005500077245007000132260002500202600002100227650003800248952010800286999001700394250506s9999 xx 000 0 und d aNot Available a005.15072 ROO aRoohina Hassain, Aarfa Hamid & Hummaira Adnan Agha 0aOnline Library System Software and a Web Site for The UIT Library aKarachi:bUIT,c1999 aComputer Science aBachelor of Computer Science (BS) 001040708PR-CSaUITUbUITUd2022-07-26l0o005.15072 ROOpBS-03r2025-05-06 11:34:32w2025-05-06yPR c28630d28630